Pensar América Latina: el desarrollo de la sociología latinoamericana /

Na minha lista:
Detalhes bibliográficos
Autor principal: Roitman Rosenmann, Marcos
Formato: Texto
Idioma:Spanish
Publicado em: Buenos Aires: CLACSO
Assuntos:
Tags: Adicionar Tag
Sem tags, seja o primeiro a adicionar uma tag!

MARC

LEADER 00000 a a2200000 04500
001 38237
003 cru CIDCACS/IIS
005 20170525092538.0
008 170525b xxu||||| |||| 00| 0 spa d
020 |a 978-987-1183-86-9  
040 |c CIDCACS/IIS 
090 |a SO05.01.01 R741p  
100 |a Roitman Rosenmann, Marcos  
245 |a Pensar América Latina:   |b el desarrollo de la sociología latinoamericana /   |c Marcos Roitman Rosenmann 
260 |a Buenos Aires:   |b CLACSO  
300 |a 224 páginas 
650 |a SOCIOLOGIA  
650 |a DESARROLLO SOCIAL  
650 |a DEMOCRACIA  
650 |a MODERNIZACION  
650 |a GLOBALIZACION  
650 |a AMERICA LATINA  
942 |2 ddc  |c LI 
999 |c 9181  |d 9181